| 000 | 01320nam a2200349Ia 4500 | ||
|---|---|---|---|
| 001 | ebr10135719 | ||
| 003 | CaPaEBR | ||
| 006 | m u | ||
| 007 | cr cn||||||||| | ||
| 008 | 030108s2003 nyu sb 001 0 eng d | ||
| 010 | _z 2003041306 | ||
| 015 | _aGBA3-59203 | ||
| 020 | _z1403979545 | ||
| 020 | _z1403962197 (hbk.) | ||
| 020 | _z1403962200 (pbk.) | ||
| 040 |
_aCaPaEBR _cCaPaEBR |
||
| 035 | _a(OCoLC)560213025 | ||
| 050 | 1 | 4 |
_aHM708 _b.G45 2003eb |
| 245 | 0 | 0 |
_aGenerating social capital _h[electronic resource] : _bcivil society and institutions in comparative perspective / _cedited by Marc Hooghe and Dietlind Stolle. |
| 250 | _a1st ed. | ||
| 260 |
_aNew York : _bPalgrave Macmillan, _c2003. |
||
| 300 | _avi, 256 p. | ||
| 504 | _aIncludes bibliographical references and index. | ||
| 533 |
_aElectronic reproduction. _bPalo Alto, Calif. : _cebrary, _d2009. _nAvailable via World Wide Web. _nAccess may be limited to ebrary affiliated libraries. |
||
| 650 | 0 | _aSocial capital (Sociology) | |
| 650 | 0 | _aCivil society. | |
| 655 | 7 |
_aElectronic books. _2local |
|
| 700 | 1 | _aHooghe, Marc. | |
| 700 | 1 |
_aStolle, Dietlind, _d1967- |
|
| 710 | 2 | _aebrary, Inc. | |
| 856 | 4 | 0 |
_uhttp://site.ebrary.com/lib/rucke/Doc?id=10135719 _zAn electronic book accessible through the World Wide Web; click to view |
| 999 |
_c87011 _d87011 |
||